Statistics for Hack the Quiz #12

Click here to take the quiz!

General Stats

  • This quiz has been taken 122 times
  • The average score is 26 of 32

Answer Stats

CipherWord% Correct
36country
93%
32and
91%
37Pacific?
90%
83What
90%
10has
89%
21Hokkaido,
89%
78populous
89%
03and the
88%
46What
88%
48country
87%
89What's
87%
07ruins
86%
33Honshu,
86%
40contains
86%
99Kyushu?
86%
42in
85%
49capital
85%
57Colombia,
85%
84borders
84%
59most
83%
39the
82%
82of
82%
92Brazil?
82%
61What
81%
64the
81%
00city
76%
88Peru,
76%
Japan
75%
81Tenochtitlan?
73%
Ecuador
67%
Mexico City
58%
São Paulo
54%

Score Distribution

Percentile by Number Answered

Percent of People with Each Score

Your Score History

You have not taken this quiz